Technologický rozvoj a vyhodnotenie meraní s podporou štatistickej analýzy ročná správa o riešení projektu v rámci bilaterálnej dohody za rok 2011 : doba riešenia 01/11 - 12/11

Gespeichert in:
Bibliographische Detailangaben
1. Verfasser: Horníková, Adriana
Format: Buch
Sprache:Slowakisch
Veröffentlicht: Bratislava 2011
Schlagworte:
Tags: Tag hinzufügen
Keine Tags, Fügen Sie das erste Tag hinzu!

MARC

LEADER 00000nam a2200000 4500
001 0147200
005 20240503084921.6
041 0 |a slo 
044 |a SK 
245 1 0 |a Technologický rozvoj a vyhodnotenie meraní s podporou štatistickej analýzy  |b ročná správa o riešení projektu v rámci bilaterálnej dohody za rok 2011 : doba riešenia 01/11 - 12/11  |c Adriana Horníková 
264 1 |a Bratislava  |c 2011 
300 |a 4 s. [0,2 AH] 
610 2 0 |a analýza štatistická 
610 2 0 |a meranie 
610 2 0 |a rozvoj technický 
100 1 |a Horníková, Adriana